| 000 | 00393pab a2200133 454500 | ||
|---|---|---|---|
| 008 | 180718b xxu||||| |||| 00| 0 eng d | ||
| 100 | _aSarangi Prakash | ||
| 245 | _aFrom metaphical to political: John Rowls' revised version of liberalism | ||
| 362 | _a29(23), 4 Jun 1994, p.1396-398 | ||
| 650 | _a Rawl, John | ||
| 650 | _aLiberalism | ||
| 773 | _aEconomic and Political Weekly | ||
| 909 | _a26873 | ||
| 999 |
_c26873 _d26873 |
||